000 00626nam a22002417a 4500
003 UA-OsUOA
001 40839
007 ta
008 20060901b un ||||| |||| 00| 0 ukr d
100 _aМихайлюта А.
090 _a323.2(477)
_bМ69
942 _cBK
040 _aUA-OsUOA
_bukr
_cUA-OsUOA
_dUA-OsUOA
245 _aОранжевый репортаж
_bПублицистика
300 _a50 с.
955 _a2
041 _aukr
080 _a323.2(477)
020 _a966-8303-00-8
260 _aК.
_bЖурналист Украины
_c2004
650 7 _a32 Політика
_2UDC
999 _c326949
_d326949